000 00461nam a2200169Ia 4500
008 240729s9999 xx 000 0 und d
022 _a2769-2140
245 0 _aData Science in Finance and Economics
260 _aUnited States
260 _bAIMS Press
650 _a Finance | Social Sciences
650 _a Statistics
650 _aSocial Sciences
856 _uhttps://doaj.org/toc/4bb7895035ac4b4ea1d790c2f69aeb82
942 _2ddc
942 _cDOAJEJ
999 _c69756
_d69756
945 _a1
_bMadushi Gamage
_c1
_dMadushi Gamage